| 000 | 00726nam a22002297a 4500 | ||
|---|---|---|---|
| 001 | 48837 | ||
| 003 | BD-RjUL | ||
| 005 | 20211209054608.0 | ||
| 008 | 160816s1976 bg ||||| |||| 00| 0 ben d | ||
| 020 | _c: Tk.7.00 | ||
| 035 | _a(BD-RjUL)48956 | ||
| 040 |
_aBD-RjUL _bben _cBD-RjUL _dBD-RjUL |
||
| 041 | _aben | ||
| 082 |
_223 _a891.441 _bHUP 1976 |
||
| 100 |
_aহক, সানাউল _9147197 |
||
| 245 | 1 | 0 |
_aপদ্মিনী শঙ্খিনী / _cসানাউল হক |
| 260 |
_aঢাকা : _bমুক্তধারা, _c১৯৭৬ |
||
| 300 |
_a৫৮ পৃ. ; _c২১ সেমি. |
||
| 650 |
_aবাংলা কবিতা _9147198 |
||
| 650 |
_aBengali poetry _9147199 |
||
| 942 |
_2ddc _cBK |
||
| 999 |
_c48837 _d48837 |
||